Statistics for Call of Duty: Modern Warfare II

Click here to take the quiz!

General Stats

  • This quiz has been taken 5 times
  • The average score is 6 of 288

Answer Stats

AnswerHint% Correct
M4Assault Rifle
60%
UAVKillstreak
40%
Advanced UAVKillstreak
20%
Alboran Hatchery 24/7Playlist
20%
Black Gold 24/7Playlist
20%
Counter-UAVKillstreak
20%
Dome 24/7Playlist
20%
DRC - Zone 1 24/7Playlist
20%
GhostUltimate Perk
20%
GunshipKillstreak
20%
Himmelmatt Expo 24/7Playlist
20%
Koro Village 24/7Playlist
20%
Kunstenaar District 24/7Playlist
20%
La Casa 24/7Playlist
20%
M16Assault Rifle
20%
MinigunSpecial
20%
Munitions BoxField Upgrade
20%
Pelayo's Lighthouse 24/7Playlist
20%
Punta Mar 24/7Playlist
20%
ShipmentGunfight Map | Map
20%
Shipment 24/7Playlist
20%
Shoot House 24/7Playlist
20%
Showdown 24/7Playlist
20%
Signal 50Sniper Rifle
20%
StrikeMap
20%
Strike 24/7Playlist
20%
Vondel Waterfront 24/7Playlist
20%
3rd PersonPlaylist | Warzone Game Mode
0%
.50 GSHandgun
0%
556 IcarusLight Machine Gun
0%
9mm DaemonHandgun
0%
AhkdarBattle Map
0%
Al Bagra FortressMap
0%
Alboran HatcheryMap
0%
AlleyGunfight Map
0%
All or NothingGametype
0%
Al Malik InternationalBattle Map
0%
Al MazrahWarzone Map
0%
Anti-Armor RoundsField Upgrade
0%
Armored RoyaleWarzone Game Mode
0%
Ashika IslandWarzone Map
0%
BasiliskHandgun
0%
BAS-PSubmachine Gun
0%
Battle HardenedBasic Perk
0%
Battle MapPlaylist
0%
Battle on Santa SenaPlaylist
0%
Battle RageField Upgrade
0%
Battle RoyaleWarzone Game Mode
0%
Big Capture the FlagGametype
0%
Bird's-EyeUltimate Perk
0%
Black GoldMap
0%
BlacksiteGunfight Map
0%
Bomb DroneKillstreak
0%
Bomb SquadBasic Perk
0%
BountyGametype
0%
Breenbergh HotelMap
0%
Bryson 800Shotgun
0%
Bryson 890Shotgun
0%
C4Lethal
0%
CanalGunfight Map
0%
Care PackageKillstreak
0%
Carrack .300Sniper Rifle
0%
CDL MoshpitPlaylist
0%
ChimeraAssault Rifle
0%
Chopper GunnerKillstreak
0%
ClaymoreLethal
0%
Close QuartersPlaylist
0%
Cluster MineKillstreak
0%
Cold-BloodedBonus Perk
0%
Combat KnifeMelee - Secondary
0%
Corvus MasterkeyUnderbarrel
0%
CrankedGametype
0%
Cronen SquallBattle Rifle
0%
CrossbowMarksman Rifle
0%
Crown RacewayMap
0%
Cruise MissileKillstreak
0%
Cyber AttackGametype
0%
DDoSField Upgrade
0%
Dead SilenceField Upgrade
0%
Deathmatch DominationPlaylist
0%
Decoy GrenadeTactical
0%
Deployable CoverField Upgrade
0%
DMZWarzone Game Mode
0%
DomeMap
0%
DominationGametype
0%
Double TimeBasic Perk
0%
DRC - Zone 1Map
0%
Drill ChargeLethal
0%
Drop ZoneGametype
0%
Drum MagazinesMagazine
0%
Dual KamasMelee - Secondary
0%
Dual KodachisMelee - Secondary
0%
EBR-14Marksman Rifle
0%
El AsiloMap
0%
EmbassyMap
0%
Emergency AirdropKillstreak
0%
ExhibitGunfight Map
0%
Expedite 12Shotgun
0%
Extended MagsMagazine
0%
Extra TacticalBasic Perk
0%
Face OffGametype
0%
Farm 18Map
0%
Fast HandsBonus Perk
0%
Fennec 45Submachine Gun
0%
FightGunfight Map
0%
FistsMelee
0%
FJX ImperiumSniper Rifle
0%
Flash GrenadeTactical
0%
FocusBonus Perk
0%
Frag GrenadeLethal
0%
FR AvancerAssault Rifle
0%
Free-for-AllGametype
0%
FSS HurricaneSubmachine Gun
0%
FTac ReconBattle Rifle
0%
FTAC SiegeHandgun
0%
GrindGametype
0%
Ground WarGametype
0%
GS MagnaHandgun
0%
GuijarroBattle Map
0%
GunfightGametype
0%
Gun GameGametype
0%
HardcorePlaylist
0%
HardlineBonus Perk
0%
HardpointGametype
0%
HavocGametype
0%
HCR 56Light Machine Gun
0%
HeadquartersGametype
0%
Heartbeat SensorTactical
0%
Hellscream 40mmUnderbarrel
0%
High AlertUltimate Perk
0%
High Capacity MagazinesMagazine
0%
Himmelhat ExpoMap
0%
InfectedGametype
0%
Inflatable DecoyField Upgrade
0%
InvasionGametype
0%
ISO 45Submachine Gun
0%
ISO 9mmSubmachine Gun
0%
ISO HemlockAssault Rifle
0%
JOKRLauncher
0%
JuggernautKillstreak
0%
Kali SticksMelee
0%
Kastov 545Assault Rifle
0%
Kastov-74uAssault Rifle
0%
Kastov 762Assault Rifle
0%
Kill ConfirmedGametype
0%
Killstreak ConfimedPlaylist
0%
KingGunfight Map
0%
KL40-M2Underbarrel
0%
Knock OutGametype
0%
Koro VillageMap
0%
Kunstenaar DistrictMap
0%
KV BroadsideShotgun
0%
LA-B 330Sniper Rifle
0%
La CasaMap
0%
Lachmann-556Assault Rifle
0%
Lachmann-762Battle Rifle
0%
Lachmann ShroudSubmachine Gun
0%
Lachmann SubSubmachine Gun
0%
LM-SMarksman Rifle
0%
Loadout DropField Upgrade
0%
LockdownWarzone Game Mode
0%
Lockwood 300Shotgun
0%
Lockwood Mk2Marksman Rifle
0%
LoungeGunfight Map
0%
M13BAssault Rifle
0%
M13CAssault Rifle
0%
Mawizeh MarshBattle Map
0%
MCPR-300Sniper Rifle
0%
MercadoGunfight Map
0%
Mercado Las AlmasMap
0%
MGBKillstreak
0%
MinibakSubmachine Gun
0%
Mini RoyaleWarzone Game Mode
0%
Molotov CocktailLethal
0%
Mortar StrikeKillstreak
0%
MX9Submachine Gun
0%
MX GuardianShotgun
0%
One in the ChamberGametype
0%
OverclockUltimate Perk
0%
OverkillBasic Perk
0%
Overwatch HeloKillstreak
0%
P890Handgun
0%
PDSW 528Submachine Gun
0%
Pelayo's LighthouseMap
0%
PenthouseGunfight Map
0%
PickaxeMelee - Secondary
0%
PILALauncher
0%
PlunderWarzone Game Mode
0%
Portable RadarField Upgrade
0%
Precision AirstrikeKillstreak
0%
Prisoner RescueGametype
0%
Proximity MineLethal
0%
Punta MarMap
0%
Quick FixUltimate Perk
0%
RAAL MGLight Machine Gun
0%
Ranked PlayGametype | Warzone Game Mode
0%
RAPP HLight Machine Gun
0%
Recon DroneField Upgrade
0%
ResupplyBonus Perk
0%
ResurgenceWarzone Game Mode
0%
RGL-80Launcher
0%
Riot ShieldMelee - Primary
0%
Rohan OilfieldsBattle Map
0%
RPG-7Launcher
0%
RPKLight Machine Gun
0%
SA-B 50Marksman Rifle
0%
SAEKillstreak
0%
Sa'idBattle Map
0%
SAKIN MG38Light Machine Gun
0%
Santa SenaBattle Map
0%
Santa Sena Border CrossingMap
0%
Sarrif BayBattle Map
0%
Sattiq Cave ComplexBattle Map
0%
ScavengerBasic Perk
0%
Search and DestroyGametype
0%
Season Six MoshpitPlaylist
0%
Season Two MoshpitPlaylist
0%
SemtexLethal
0%
Sentry GunKillstreak
0%
ShipmasMap
0%
Shipment ExtendedPlaylist
0%
Shock StickTactical
0%
Shoot HouseMap
0%
Shoot the ShipPlaylist
0%
ShowdownMap
0%
SledgehammerMelee
0%
Small MagazineMagazine
0%
Smoke AirdropField Upgrade
0%
Smoke GrenadeTactical
0%
Snapshot GrenadeTactical
0%
SO-14Battle Rifle
0%
SpotterBonus Perk
0%
Spotter ScopeTactical
0%
SP-R 208Marksman Rifle
0%
SPW 40mmUnderbarrel
0%
SP-X 80Sniper Rifle
0%
STB 556Assault Rifle
0%
Stealth BomberKillstreak
0%
StimTactical
0%
STRELA-PLauncher
0%
Strong ArmBasic Perk
0%
Stun GrenadeTactical
0%
Suppression MineField Upgrade
0%
SurvivorUltimate Perk
0%
Tactical CameraField Upgrade
0%
Tactical InsertionField Upgrade
0%
TAQ-56Assault Rifle
0%
TAQ-MMarksman Rifle
0%
TAQ-VBattle Rifle
0%
TaraqBattle Map | Map
0%
Team DeathmatchGametype
0%
Tear GasTactical
0%
Tempus RazorbackAssault Rifle
0%
Tempus TorrentMarksman Rifle
0%
The Naughty ListPlaylist
0%
ThermiteLethal
0%
Throwing KnifeLethal
0%
Throwing StarLethal
0%
Tier 1Playlist
0%
TL40 Fire DrakeUnderbarrel
0%
TonfaMelee - Secondary
0%
Totally the Same BRWarzone Game Mode
0%
TR-76 GeistAssault Rifle
0%
TrackerBasic Perk
0%
Trophy SystemField Upgrade
0%
UnhingedWarzone Game Mode
0%
Valderas MuseumMap
0%
Vaznev-9KSubmachine Gun
0%
VEL 46Submachine Gun
0%
Victus xMRSniper Rifle
0%
VondelWarzone Map
0%
Vondel WaterfrontMap
0%
VTOL JetKillstreak
0%
Warzone CupWarzone Game Mode
0%
Wheelson-HSKillstreak
0%
X12Handgun
0%
X13 AutoHandgun
0%
Zarqwa HydroelectricMap
0%
Zaya ObservatoryBattle Map
0%
Zombie RoyaleWarzone Game Mode
0%

Score Distribution

Percentile by Number Answered

Percent of People with Each Score

Your Score History

You have not taken this quiz